| 000 | 00354 a2200121 4500 | ||
|---|---|---|---|
| 001 | ART_6406 | ||
| 005 | 20260410161826.0 | ||
| 008 | 260409a | ||
| 245 | 1 | 0 | _aEl mercado argentino de los alimentos orgánicos |
| 100 | 1 | _aRodriguez, Elsa | |
| 700 | 1 | _aGentile, Natacha | |
| 773 | 0 |
_tFACES _g- Año 8, Nº 13 (ene./abr. 2002) _wREV5046 |
|
| 999 |
_c22753 _d22753 |
||